[Event "34th European Club Cup 2018"]
[Site "Halkidiki"]
[Date "2018.10.14"]
[Round "3"]
[White "Lammens, Tim"]
[Black "Lauber, Arnd"]
[Result "0-1"]
[WhiteElo "2281"]
[BlackElo "2431"]
[Annotator "NA"]
[PlyCount "92"]
[EventDate "2018.10.12"]
[EventType "team-tourn"]
[EventCountry "GRE"]
[SourceTitle "playchess.com"]
[Source "ChessBase"]
[SourceQuality "1"]
[WhiteTeam "Apeldoorn"]
[BlackTeam "Berlin"]

1. d4 Nf6 2. Nf3 c5 3. d5 b5 4. Bg5 d6 5. e4 a6 6. a4 bxa4 7. Nc3 Nbd7 8. Rxa4 g6 9. Bb5 Bg7 10. e5 dxe5 11. d6 Bb7 12. dxe7 Qxe7 13. Bxf6 Bxf6 14. Nd5 Bxd5 15. Qxd5 O-O 16. Bxd7 Rfd8 17. Rc4 Qxd7 18. Qxd7 Rxd7 19. Rxc5 Rad8 20. O-O e4 21. Ne5 Rd2 22. b3 Re2 23. Nc4 Rxc2 24. Rc6 Kg7 25. Rxa6 Rd3 26. Nd6 e3 27. fxe3 Rdd2 28. Ne8+ Kf8 29. Rfxf6 Rxg2+ 30. Kf1 Rxh2 31. Kg1 Rcg2+ 32. Kf1 Rb2 33. Kg1 Rhg2+ 34. Kf1 Rh2 35. Kg1 Rhg2+ 36. Kf1 Rgc2 37. Kg1 Kxe8 38. Rab6 Rc3 39. Rb7 Rc1+ 40. Rf1 Rxf1+ 41. Kxf1 h5 42. b4 h4 43. b5 Kf8 44. b6 g5 45. e4 h3 46. Kg1 g4 0-1

[Event "34th European Club Cup 2018"]
[Site "Halkidiki"]
[Date "2018.10.14"]
[Round "3"]
[White "Van Beek, Alexander"]
[Black "Lalouette, Herve"]
[Result "1-0"]
[WhiteElo "2281"]
[BlackElo "1681"]
[Annotator "NA"]
[PlyCount "25"]
[EventDate "2018.10.12"]
[EventType "team-tourn"]
[EventCountry "GRE"]
[SourceTitle "playchess.com"]
[Source "ChessBase"]
[SourceQuality "1"]
[WhiteTeam "BSG"]
[BlackTeam "Bois-Colombes"]

1. e4 c5 2. Nf3 d6 3. Bb5+ Nd7 4. d4 cxd4 5. Qxd4 e5 6. Qd3 Be7 7. Nc3 Ngf6 8. Bg5 O-O 9. Bxd7 Qxd7 10. Rd1 a6 11. Bxf6 gxf6 12. Nd5 Rd8 13. Nb6 1-0

[Event "34th European Club Cup 2018"]
[Site "Halkidiki"]
[Date "2018.10.14"]
[Round "3"]
[White "Gibicar, Danijel"]
[Black "Kristensen, Kaare Hove"]
[Result "1/2-1/2"]
[WhiteElo "2279"]
[BlackElo "2347"]
[Annotator "NA"]
[PlyCount "127"]
[EventDate "2018.10.12"]
[EventType "team-tourn"]
[EventCountry "GRE"]
[SourceTitle "playchess.com"]
[Source "ChessBase"]
[SourceQuality "1"]
[WhiteTeam "Echternach"]
[BlackTeam "Nordkalotten"]

1. d4 Nf6 2. c4 e6 3. Nf3 d5 4. g3 c5 5. cxd5 exd5 6. Bg2 Nc6 7. O-O Be7 8. Nc3 O-O 9. dxc5 d4 10. Na4 Bf5 11. Bf4 Be4 12. e3 dxe3 13. Qxd8 exf2+ 14. Rxf2 Rfxd8 15. Re1 Kf8 16. Bg5 Bd5 17. b3 h6 18. Bf4 g5 19. Bc7 Rd7 20. Be5 Ne4 21. Rfe2 Nxc5 22. Nxc5 Bxc5+ 23. Kh1 Nxe5 24. Nxe5 Bxg2+ 25. Kxg2 Re7 26. Ng4 Rxe2+ 27. Rxe2 Kg7 28. Re5 b6 29. Rd5 Re8 30. Ne5 Re6 31. g4 Rd6 32. Rxd6 Bxd6 33. Nc6 a5 34. Nd4 Bc5 35. Nf5+ Kg6 36. Kf3 h5 37. h3 Kf6 38. Ke4 hxg4 39. hxg4 Ke6 40. a4 Bg1 41. Nh6 Bf2 42. Nf5 f6 43. Kf3 Bc5 44. Ke4 Bg1 45. Ng3 Kd6 46. Ne2 Bf2 47. Nc1 Be1 48. Nd3 Bc3 49. Nc1 Kc5 50. Nd3+ Kc6 51. Nc1 b5 52. axb5+ Kxb5 53. Nd3 Kc6 54. Nc1 Kd6 55. Nd3 Bd2 56. Nb2 Ke6 57. Nd3 Bb4 58. Nf2 Be1 59. Nd3 Bd2 60. Nb2 Bb4 61. Nd3 Bd6 62. Nf2 Bc7 63. Nd3 Bb6 64. Nb2 1/2-1/2

[Event "34th European Club Cup 2018"]
[Site "Halkidiki"]
[Date "2018.10.14"]
[Round "3"]
[White "Friedrich, Norbert"]
[Black "Ho, Conrad"]
[Result "1/2-1/2"]
[WhiteElo "2259"]
[BlackElo "2056"]
[Annotator "NA"]
[PlyCount "60"]
[EventDate "2018.10.12"]
[EventType "team-tourn"]
[EventCountry "GRE"]
[SourceTitle "playchess.com"]
[Source "ChessBase"]
[SourceQuality "1"]
[WhiteTeam "Zurich"]
[BlackTeam "White Rose"]

1. e4 e6 2. d4 d5 3. Nd2 c5 4. exd5 Qxd5 5. Ngf3 cxd4 6. Bc4 Qd6 7. O-O Nf6 8. Nb3 Nc6 9. Nbxd4 Nxd4 10. Nxd4 a6 11. Re1 Qc7 12. Bb3 Bd6 13. h3 O-O 14. Bg5 b6 15. c3 Bb7 16. Bc2 Nd5 17. Qh5 g6 18. Qh6 Bf4 19. Be4 Bxg5 20. Qxg5 Ne7 21. Bxb7 Qxb7 22. Rad1 Rac8 23. Qf6 Nd5 24. Qe5 Rc5 25. Qe4 Qc8 26. Nb3 Rc4 27. Rd4 Rxd4 28. Qxd4 Qc7 29. Rd1 Rc8 30. g3 h5 1/2-1/2

[Event "34th European Club Cup 2018"]
[Site "Halkidiki"]
[Date "2018.10.14"]
[Round "3"]
[White "Salama, Omar"]
[Black "Abasov, Nijat"]
[Result "0-1"]
[WhiteElo "2254"]
[BlackElo "2627"]
[Annotator "TA"]
[PlyCount "42"]
[EventDate "2018.10.12"]
[EventType "team-tourn"]
[EventCountry "GRE"]
[SourceTitle "playchess.com"]
[Source "ChessBase"]
[SourceQuality "1"]
[WhiteTeam "Reykjavik"]
[BlackTeam "Odlar Yurdu"]

1. d4 Nf6 2. c4 e6 3. Nf3 c5 4. d5 exd5 5. cxd5 g6 6. Nc3 Bg7 7. e4 d6 8. Bd3 O-O 9. O-O Bg4 10. Bf4 Nh5 11. Be3 Nd7 12. h3 Bxf3 13. Qxf3 Ne5 14. Qe2 Qh4 15. Qd2 Nxd3 16. Bg5 Bxc3 17. bxc3 Qxe4 18. Rad1 c4 19. f4 Rfe8 20. f5 Qe2 21. fxg6 hxg6 0-1

[Event "34th European Club Cup 2018"]
[Site "Halkidiki"]
[Date "2018.10.14"]
[Round "3"]
[White "Omorjan, Dejan"]
[Black "Ballmann, Martin"]
[Result "1-0"]
[WhiteElo "2249"]
[BlackElo "2381"]
[Annotator "NA"]
[PlyCount "45"]
[EventDate "2018.10.12"]
[EventType "team-tourn"]
[EventCountry "GRE"]
[SourceTitle "playchess.com"]
[Source "ChessBase"]
[SourceQuality "1"]
[WhiteTeam "Partizan"]
[BlackTeam "Winterthur"]

1. d4 Nf6 2. Nf3 e6 3. c4 b6 4. g3 Ba6 5. Qc2 Bb7 6. Bg2 c5 7. d5 exd5 8. cxd5 Nxd5 9. Qb3 Na6 10. Ne5 c4 11. Qb5 Qe7 12. Bxd5 Qb4+ 13. Nc3 Qxb5 14. Bxf7+ Kd8 15. Nxb5 Bxh1 16. f3 Bc5 17. Bg5+ Kc8 18. O-O-O Bg2 19. Rxd7 Bh3 20. g4 h6 21. Be6 hxg5 22. Re7+ Kd8 23. Nc6# 1-0

[Event "34th European Club Cup 2018"]
[Site "Halkidiki"]
[Date "2018.10.14"]
[Round "3"]
[White "Fejzullahu, Afrim"]
[Black "Barrett, Conor"]
[Result "1-0"]
[WhiteElo "2247"]
[BlackElo "1643"]
[Annotator "NA"]
[PlyCount "55"]
[EventDate "2018.10.12"]
[EventType "team-tourn"]
[EventCountry "GRE"]
[SourceTitle "playchess.com"]
[Source "ChessBase"]
[SourceQuality "1"]
[WhiteTeam "Drejtesia"]
[BlackTeam "Ballinasloe"]

1. e4 e5 2. Nf3 Nc6 3. Bb5 a6 4. Ba4 Bc5 5. O-O b5 6. Bb3 Nf6 7. d3 h6 8. c3 d6 9. Re1 Bg4 10. Be3 Bxe3 11. fxe3 O-O 12. Nbd2 Qd7 13. h3 Bh5 14. g4 Bg6 15. Nh4 Kh7 16. Qf3 Qe7 17. Kh2 Nd7 18. Nf5 Qf6 19. Bd5 Ndb8 20. Rf1 Ra7 21. Qg3 Qd8 22. h4 f6 23. g5 fxg5 24. hxg5 Qxg5 25. Qxg5 hxg5 26. Kg3 Bxf5 27. exf5 g6 28. f6 1-0

[Event "34th European Club Cup 2018"]
[Site "Halkidiki"]
[Date "2018.10.14"]
[Round "3"]
[White "Roobol, Martin"]
[Black "Jakubiec, Edyta"]
[Result "1/2-1/2"]
[WhiteElo "2243"]
[BlackElo "2174"]
[Annotator "NA"]
[PlyCount "164"]
[EventDate "2018.10.12"]
[EventType "team-tourn"]
[EventCountry "GRE"]
[SourceTitle "playchess.com"]
[Source "ChessBase"]
[SourceQuality "1"]
[WhiteTeam "Leiden"]
[BlackTeam "Wirtzfeld"]

1. e4 c5 2. Nf3 d6 3. d4 cxd4 4. Nxd4 Nf6 5. Nc3 a6 6. f3 e5 7. Nb3 Be7 8. Be3 Be6 9. Qd2 O-O 10. O-O-O a5 11. a4 Nc6 12. g4 Nb4 13. g5 Nh5 14. Rg1 f5 15. gxf6 Nxf6 16. Nc5 Qc8 17. Nxe6 Qxe6 18. Rg3 Nh5 19. Bh3 Qf7 20. Rg2 Na2+ 21. Kb1 Nxc3+ 22. bxc3 Kh8 23. Bg4 Nf4 24. Bxf4 exf4 25. Qd5 Qe8 26. Qb5 Qd8 27. Rd5 Bf6 28. Qb3 Qc7 29. Kb2 Ra6 30. Rgd2 Rb6 31. Rb5 Rxb5 32. axb5 Re8 33. Rd5 g6 34. Qa3 h5 35. Bh3 b6 36. Bf1 Rc8 37. Rd3 Be5 38. Bh3 Re8 39. Qb3 Kg7 40. Qd5 Re7 41. Qc6 Qb8 42. Qd5 Rc7 43. Qe6 Qf8 44. Kb3 Qf6 45. Qxf6+ Kxf6 46. c4 Kg5 47. Rd1 Kh4 48. Be6 Kg5 49. Bh3 Kf6 50. c3 Ra7 51. Ra1 Rg7 52. Rg1 Ke7 53. Bc8 Bf6 54. Rg2 Be5 55. Bh3 Kf6 56. Rg1 Rc7 57. Rg2 Kf7 58. Rd2 Rc5 59. Rd1 Ke7 60. Rg1 Kf6 61. Rg2 Kf7 62. Rd2 Rc7 63. Rd1 Ra7 64. Ra1 Bf6 65. Rd1 Be7 66. Rd5 Kf6 67. Rd1 Rc7 68. Rd2 Rc5 69. Rd1 Rg5 70. Kc2 Bf8 71. Kb3 Ke7 72. Kc2 Bg7 73. Kb3 Bf6 74. Ra1 Re5 75. Rg1 Rg5 76. Ra1 Re5 77. Rg1 Kf7 78. Rd1 Be7 79. Rg1 Kf6 80. Kc2 g5 81. Bd7 Bf8 82. Bf5 Rc5 1/2-1/2

[Event "34th European Club Cup 2018"]
[Site "Halkidiki"]
[Date "2018.10.14"]
[Round "3"]
[White "Kukk, Sander"]
[Black "Wegerle, Joerg"]
[Result "1/2-1/2"]
[WhiteElo "2235"]
[BlackElo "2405"]
[Annotator "NA"]
[PlyCount "76"]
[EventDate "2018.10.12"]
[EventType "team-tourn"]
[EventCountry "GRE"]
[SourceTitle "playchess.com"]
[Source "ChessBase"]
[SourceQuality "1"]
[WhiteTeam "Reval"]
[BlackTeam "Solingen"]

1. b3 d5 2. e3 Nf6 3. Bb2 Bf5 4. Nf3 e6 5. d4 Nbd7 6. Bd3 Bb4+ 7. c3 Bd6 8. O-O O-O 9. c4 c6 10. Nc3 Ne4 11. Qc2 Ndf6 12. Ne5 Nxc3 13. Bxc3 Bxd3 14. Nxd3 Ne4 15. Bb4 Bxb4 16. Nxb4 Qe7 17. Nd3 f6 18. f3 Ng5 19. Rad1 Rad8 20. Rfe1 Rfe8 21. a4 e5 22. cxd5 cxd5 23. Qc5 Qxc5 24. Nxc5 Re7 25. h4 Ne6 26. Nxe6 Rxe6 27. Rc1 exd4 28. exd4 Rxe1+ 29. Rxe1 Kf7 30. Rc1 Ke7 31. Kf2 Kd6 32. Ke3 Re8+ 33. Kd3 a5 34. g3 g6 35. Rb1 b6 36. Rc1 Kd7 37. Rg1 f5 38. f4 h5 1/2-1/2

[Event "34th European Club Cup 2018"]
[Site "Halkidiki"]
[Date "2018.10.14"]
[Round "3"]
[White "Umudova, Nargiz"]
[Black "Reichardt, Robin"]
[Result "1-0"]
[WhiteElo "2233"]
[BlackElo "1993"]
[Annotator "NA"]
[PlyCount "61"]
[EventDate "2018.10.12"]
[EventType "team-tourn"]
[EventCountry "GRE"]
[SourceTitle "playchess.com"]
[Source "ChessBase"]
[SourceQuality "1"]
[WhiteTeam "Echiquier Amaytois"]
[BlackTeam "En Passant"]

1. e4 e5 2. Nf3 Nc6 3. Bb5 a6 4. Ba4 Nf6 5. O-O Be7 6. Re1 b5 7. Bb3 O-O 8. a4 b4 9. a5 d6 10. c3 Be6 11. Ba4 Nxa5 12. cxb4 Nc4 13. Bc6 Ra7 14. d3 Nb6 15. b5 a5 16. Be3 Bd7 17. Na3 Bxc6 18. bxc6 Ra6 19. h3 Qa8 20. Rc1 Nc8 21. Qa4 Na7 22. b4 Rxc6 23. Qxa5 Rxc1 24. Rxc1 Nc6 25. Qxa8 Rxa8 26. Rxc6 Rxa3 27. Rxc7 Bf8 28. b5 d5 29. Nxe5 h6 30. Rc8 Rxd3 31. Nxd3 1-0

[Event "34th European Club Cup 2018"]
[Site "Halkidiki"]
[Date "2018.10.14"]
[Round "3"]
[White "Skousen, Nikolai"]
[Black "Mossong, Hubert"]
[Result "1-0"]
[WhiteElo "2226"]
[BlackElo "2076"]
[Annotator "NA"]
[PlyCount "73"]
[EventDate "2018.10.12"]
[EventType "team-tourn"]
[EventCountry "GRE"]
[SourceTitle "playchess.com"]
[Source "ChessBase"]
[SourceQuality "1"]
[WhiteTeam "Bronshoj"]
[BlackTeam "Dudelange"]

1. Nf3 c5 2. g3 Nc6 3. Bg2 g6 4. c4 Bg7 5. Nc3 e5 6. O-O d6 7. d3 Nge7 8. a3 h6 9. Rb1 O-O 10. b4 Rb8 11. Ne1 f5 12. Nd5 Be6 13. b5 Bxd5 14. cxd5 Na5 15. Bd2 Qc7 16. Qa4 b6 17. Bxa5 bxa5 18. Nf3 f4 19. Nd2 g5 20. Bh3 Kh8 21. Be6 h5 22. Nc4 g4 23. Nxa5 Ng6 24. Nc6 Rb7 25. Qe4 Rf6 26. h3 gxh3 27. Bxh3 Bh6 28. Qf3 Qg7 29. Qxh5 fxg3 30. fxg3 Nf4 31. Qh4 Rbf7 32. Kh2 Kg8 33. gxf4 Rxf4 34. Rxf4 Bxf4+ 35. Kh1 Bg5 36. Qh5 Qf6 37. Be6 1-0

[Event "34th European Club Cup 2018"]
[Site "Halkidiki"]
[Date "2018.10.14"]
[Round "3"]
[White "Cumming, Rhys"]
[Black "Mathioulakis, Fanis"]
[Result "1-0"]
[WhiteElo "2224"]
[BlackElo "1856"]
[Annotator "NA"]
[PlyCount "49"]
[EventDate "2018.10.12"]
[EventType "team-tourn"]
[EventCountry "GRE"]
[SourceTitle "playchess.com"]
[Source "ChessBase"]
[SourceQuality "1"]
[WhiteTeam "Oldham"]
[BlackTeam "Chania CC"]

1. e4 c5 2. Nf3 Nc6 3. c3 Nf6 4. e5 Nd5 5. d4 cxd4 6. cxd4 e6 7. a3 a5 8. Bd3 d6 9. O-O Bd7 10. Nbd2 dxe5 11. dxe5 Qc7 12. Re1 Be7 13. Nf1 h5 14. Qe2 h4 15. h3 Rh5 16. Bd2 g6 17. Rac1 Qb6 18. Rc2 Rd8 19. Qe4 Bc5 20. Bg5 Nce7 21. Bxh4 Bc6 22. Qc4 Nf4 23. Be4 Bxe4 24. Rxe4 Rc8 25. Qa4+ 1-0

[Event "34th European Club Cup 2018"]
[Site "Halkidiki"]
[Date "2018.10.14"]
[Round "3"]
[White "Baliasnyj, Timur"]
[Black "Varga, Zoltan"]
[Result "0-1"]
[WhiteElo "2216"]
[BlackElo "2448"]
[Annotator "TA"]
[PlyCount "128"]
[EventDate "2018.10.12"]
[EventType "team-tourn"]
[EventCountry "GRE"]
[SourceTitle "playchess.com"]
[Source "ChessBase"]
[SourceQuality "1"]
[WhiteTeam "Overtime"]
[BlackTeam "Dunajska Streda"]

1. Nf3 d5 2. g3 c5 3. c4 d4 4. b4 cxb4 5. a3 bxa3 6. Bxa3 g6 7. Bg2 Bg7 8. d3 Nh6 9. O-O O-O 10. Nbd2 Nf5 11. Qb3 Nc6 12. Rfb1 Qc7 13. Ne4 Rb8 14. Bc1 h6 15. Ne1 b6 16. Nc2 Bd7 17. Bf4 Be5 18. Bd2 Rfc8 19. Ra2 b5 20. cxb5 Be6 21. Qa4 Bxa2 22. Qxa2 Nd8 23. Na3 Qd7 24. Bb4 Ne6 25. Nd2 Bd6 26. Ndc4 Bxb4 27. Rxb4 Nc5 28. Ne5 Qe6 29. Qxe6 Nxe6 30. Nc6 Rb7 31. h3 Nd6 32. Nxd4 Nxd4 33. Bxb7 Nxe2+ 34. Kf1 Rc3 35. Kxe2 Rxa3 36. Bc6 Kg7 37. Bd7 Kf6 38. Ke3 e6 39. Bc6 Ra2 40. g4 Ke7 41. b6 axb6 42. Rxb6 g5 43. Rb8 Rc2 44. Ba4 Ra2 45. Bc6 f5 46. Ra8 Rc2 47. Ba4 f4+ 48. Kf3 Rd2 49. Ra7+ Kf6 50. Rh7 Nf7 51. Be8 Ne5+ 52. Ke4 Re2+ 53. Kd4 Nf3+ 54. Kc3 Ke5 55. Rd7 Rxf2 56. d4+ Ke4 57. Bg6+ Ke3 58. d5 e5 59. d6 Rd2 60. Rd8 Nd4 61. d7 f3 62. Kc4 f2 63. Rf8 Nf3 64. Bd3 Rxd3 0-1

[Event "34th European Club Cup 2018"]
[Site "Halkidiki"]
[Date "2018.10.14"]
[Round "3"]
[White "Jaksland, Tim"]
[Black "Marzano, Carlo"]
[Result "1/2-1/2"]
[WhiteElo "2214"]
[BlackElo "2233"]
[Annotator "NA"]
[PlyCount "62"]
[EventDate "2018.10.12"]
[EventType "team-tourn"]
[EventCountry "GRE"]
[SourceTitle "playchess.com"]
[Source "ChessBase"]
[SourceQuality "1"]
[WhiteTeam "Hillerod"]
[BlackTeam "Lazio ASD"]

1. Nf3 d5 2. c4 dxc4 3. Na3 a6 4. Nxc4 b5 5. Ne3 Bb7 6. g3 e6 7. Bg2 c5 8. O-O Nf6 9. a4 Nbd7 10. b3 Be7 11. Bb2 O-O 12. axb5 axb5 13. Qc2 Qb6 14. Ne5 Bxg2 15. Nxd7 Nxd7 16. Kxg2 Bf6 17. Ng4 Bxb2 18. Qxb2 Qc6+ 19. f3 Qd6 20. Nf2 h6 21. Rfc1 Qd5 22. Qc3 Rxa1 23. Rxa1 Ra8 24. Rxa8+ Qxa8 25. d4 Qd5 26. dxc5 Qxc5 27. Qxc5 Nxc5 28. b4 Na6 29. Nd3 Kf8 30. Kf2 Ke7 31. Ke3 Kd6 1/2-1/2

[Event "34th European Club Cup 2018"]
[Site "Halkidiki"]
[Date "2018.10.14"]
[Round "3"]
[White "Gengler, Pierre"]
[Black "Bosman, Michiel"]
[Result "0-1"]
[WhiteElo "2205"]
[BlackElo "2390"]
[Annotator "NA"]
[PlyCount "88"]
[EventDate "2018.10.12"]
[EventType "team-tourn"]
[EventCountry "GRE"]
[SourceTitle "playchess.com"]
[Source "ChessBase"]
[SourceQuality "1"]
[WhiteTeam "Wirtzfeld"]
[BlackTeam "Leiden"]

1. g3 d5 2. Bg2 e5 3. d4 e4 4. c4 c6 5. Nc3 Bb4 6. Qb3 Ba5 7. Nh3 dxc4 8. Qxc4 Be6 9. Qa4 f5 10. O-O Nf6 11. Bg5 Bxc3 12. bxc3 Nbd7 13. Rab1 b5 14. Qc2 O-O 15. Nf4 Bc4 16. f3 Qe8 17. Bxf6 Nxf6 18. Rfe1 Nd5 19. Nd3 Ne3 20. Qd2 Nxg2 21. Kxg2 exd3 22. exd3 Be6 23. c4 Qd7 24. d5 cxd5 25. cxb5 d4 26. a4 Rac8 27. Rb4 Rc3 28. a5 Qd6 29. Reb1 f4 30. b6 axb6 31. Rxb6 Qc5 32. R1b2 Bd5 33. g4 Qxa5 34. Rb8 Qc7 35. Rxf8+ Kxf8 36. Qd1 Qc6 37. h4 Qe6 38. Kh2 Qe7 39. g5 Kf7 40. Qg1 Qc7 41. Qd1 Rc1 42. Qe2 Qe7 43. Qd2 Qe3 44. h5 Qg1+ 0-1

[Event "34th European Club Cup 2018"]
[Site "Halkidiki"]
[Date "2018.10.14"]
[Round "3"]
[White "Hill, Alistair"]
[Black "In t Veld, Daan"]
[Result "1-0"]
[WhiteElo "2203"]
[BlackElo "2194"]
[Annotator "NA"]
[PlyCount "97"]
[EventDate "2018.10.12"]
[EventType "team-tourn"]
[EventCountry "GRE"]
[SourceTitle "playchess.com"]
[Source "ChessBase"]
[SourceQuality "1"]
[WhiteTeam "Wood Green"]
[BlackTeam "Deloitte"]

1. e4 c5 2. Nf3 e6 3. d4 cxd4 4. Nxd4 Nc6 5. Nc3 d6 6. g4 Nge7 7. Bg2 Nxd4 8. Qxd4 Nc6 9. Qd3 Be7 10. h3 O-O 11. O-O Bd7 12. f4 a6 13. a4 Nb4 14. Qe2 Bc6 15. Be3 b6 16. Rfd1 Qc7 17. Rd2 b5 18. Kh2 Qb7 19. a5 Rfe8 20. g5 Rac8 21. h4 f5 22. gxf6 Bxf6 23. Rxd6 e5 24. Bc5 exf4 25. Bxb4 f3 26. Qxf3 Be5+ 27. Kg1 Qa7+ 28. Qf2 Bh2+ 29. Kf1 Rf8 30. Bf3 Qc7 31. Rxc6 Qxc6 32. Bxf8 Rxf8 33. Qxh2 b4 34. Kg2 bxc3 35. b3 Rd8 36. Rf1 Qc5 37. Rf2 Rd6 38. Bh5 g6 39. Qf4 Rd2 40. Qf7+ Kh8 41. Qf6+ Kg8 42. Bg4 Rxf2+ 43. Qxf2 Qe7 44. Qf4 h5 45. Be2 Kh7 46. Bxa6 Qd8 47. Bc4 Qa8 48. a6 Kg7 49. Bd5 1-0

[Event "34th European Club Cup 2018"]
[Site "Halkidiki"]
[Date "2018.10.14"]
[Round "3"]
[White "Budima, Armend"]
[Black "Djurhuus, Rune"]
[Result "0-1"]
[WhiteElo "2202"]
[BlackElo "2439"]
[Annotator "NA"]
[PlyCount "120"]
[EventDate "2018.10.12"]
[EventType "team-tourn"]
[EventCountry "GRE"]
[SourceTitle "playchess.com"]
[Source "ChessBase"]
[SourceQuality "1"]
[WhiteTeam "Dardania"]
[BlackTeam "Nordstrand"]

1. e4 e6 2. d4 d5 3. Nc3 Bb4 4. e5 c5 5. Qg4 Ne7 6. dxc5 Nbc6 7. Qxg7 Rg8 8. Qxh7 d4 9. a3 Qa5 10. Rb1 dxc3 11. Be3 cxb2+ 12. axb4 Nxb4 13. c3 Nbd5 14. Bd2 Qxc5 15. Rxb2 Bd7 16. Nf3 a5 17. c4 Nb4 18. Qb1 Ng6 19. Qa1 Rd8 20. Be3 Qc7 21. Rd2 Bc6 22. Rxd8+ Kxd8 23. Nd4 Kc8 24. Qc3 Qxe5 25. h4 Nf4 26. Nb5 Qxc3+ 27. Nxc3 Nc2+ 28. Kd2 Nxe3 29. Kxe3 Nxg2+ 30. Bxg2 Rxg2 31. h5 Rg8 32. f3 Kd7 33. h6 Rh8 34. Kf4 f6 35. Ne2 Ke7 36. Kg4 a4 37. Nf4 Kf7 38. h7 a3 39. Nd3 Kg7 40. Nc5 Kg6 41. Ra1 Rxh7 42. Rxa3 e5 43. Rb3 f5+ 44. Kg3 Kf6 45. Rb6 f4+ 46. Kg2 Kf5 47. Rb3 Rc7 48. Nd3 Bxf3+ 49. Kxf3 e4+ 50. Ke2 exd3+ 51. Kxd3 Re7 52. Rb5+ Kg4 53. Rb6 f3 54. Rg6+ Kh3 55. Kd2 f2 56. Rf6 Kg2 57. Rg6+ Kf1 58. c5 Re5 59. c6 bxc6 60. Rxc6 Rg5 0-1

[Event "34th European Club Cup 2018"]
[Site "Halkidiki"]
[Date "2018.10.14"]
[Round "3"]
[White "Christenson, Flemming"]
[Black "Mahmuti, Ajet"]
[Result "1-0"]
[WhiteElo "2202"]
[BlackElo "1993"]
[Annotator "NA"]
[PlyCount "117"]
[EventDate "2018.10.12"]
[EventType "team-tourn"]
[EventCountry "GRE"]
[SourceTitle "playchess.com"]
[Source "ChessBase"]
[SourceQuality "1"]
[WhiteTeam "Nordstrand"]
[BlackTeam "Dardania"]

1. d4 d5 2. Bf4 Nf6 3. e3 e6 4. Bd3 Nbd7 5. c3 b6 6. Nf3 Bb7 7. Ne5 Bd6 8. Nd2 Qe7 9. O-O O-O 10. Qf3 Ne8 11. Qh3 g6 12. Nxd7 Qxd7 13. Bh6 Ng7 14. e4 dxe4 15. Nxe4 Bxe4 16. Bxe4 Rad8 17. Rad1 Qa4 18. Bb1 c5 19. Bg5 f6 20. Bh6 Rfe8 21. Qf3 f5 22. dxc5 bxc5 23. Bg5 Rd7 24. b3 Qb5 25. Bd3 Qb8 26. h3 Be7 27. Bxe7 Rdxe7 28. Bc4 h6 29. Qe3 Kh7 30. Qxc5 e5 31. Qd6 Qb7 32. Bd5 Qc7 33. Qxc7 Rxc7 34. c4 Nh5 35. g3 e4 36. Rfe1 Rce7 37. Bc6 Rc8 38. Rd6 g5 39. b4 Kg7 40. c5 Nf6 41. b5 f4 42. g4 h5 43. gxh5 Rh8 44. b6 axb6 45. cxb6 Rxh5 46. b7 Rh8 47. a4 Re5 48. Bd7 Nxd7 49. Rxd7+ Kf6 50. Rc7 Rb8 51. Rb1 e3 52. fxe3 fxe3 53. Kf1 Ree8 54. a5 Kg6 55. Ke2 Rf8 56. a6 Rbe8 57. Rf1 Rh8 58. Rc6+ Kg7 59. a7 1-0

[Event "34th European Club Cup 2018"]
[Site "Halkidiki"]
[Date "2018.10.14"]
[Round "3"]
[White "Filipovic, Slobodan J"]
[Black "Duncan, Chris R"]
[Result "1-0"]
[WhiteElo "2202"]
[BlackElo "2236"]
[Annotator "NA"]
[PlyCount "57"]
[EventDate "2018.10.12"]
[EventType "team-tourn"]
[EventCountry "GRE"]
[SourceTitle "playchess.com"]
[Source "ChessBase"]
[SourceQuality "1"]
[WhiteTeam "Bonnevoie"]
[BlackTeam "Blackthorne"]

1. c4 c6 2. Nf3 d5 3. b3 Bg4 4. e3 e6 5. Bb2 Nd7 6. Be2 Ngf6 7. Nc3 Bd6 8. h3 Bh5 9. d3 O-O 10. g4 Bg6 11. Rg1 Ne8 12. h4 f6 13. h5 Bf7 14. Qc2 a5 15. d4 e5 16. c5 Bc7 17. Bd3 e4 18. Nxe4 dxe4 19. Bxe4 h6 20. Nh4 b6 21. O-O-O a4 22. Bxc6 axb3 23. axb3 Rb8 24. Qf5 bxc5 25. Be4 Bxb3 26. dxc5 Bxd1 27. Rxd1 Rxb2 28. Bd5+ Rf7 29. Bxf7+ 1-0

[Event "34th European Club Cup 2018"]
[Site "Halkidiki"]
[Date "2018.10.14"]
[Round "3"]
[White "Ramondino, Renzo"]
[Black "Ostergaard, Jens"]
[Result "1-0"]
[WhiteElo "2193"]
[BlackElo "2225"]
[Annotator "NA"]
[PlyCount "99"]
[EventDate "2018.10.12"]
[EventType "team-tourn"]
[EventCountry "GRE"]
[SourceTitle "playchess.com"]
[Source "ChessBase"]
[SourceQuality "1"]
[WhiteTeam "Lazio ASD"]
[BlackTeam "Hillerod"]

1. d4 Nf6 2. Bg5 Ne4 3. Bf4 c5 4. f3 Qa5+ 5. c3 Nf6 6. d5 d6 7. e4 g6 8. Na3 Bg7 9. Qd2 O-O 10. Nc4 Qc7 11. a4 Nbd7 12. g4 b6 13. h4 h5 14. Ne2 Ne5 15. Nxe5 dxe5 16. Bh6 Kh7 17. Bxg7 Kxg7 18. g5 Nd7 19. c4 a5 20. Rg1 Qd6 21. Bh3 Nb8 22. Bxc8 Rxc8 23. Nc3 Qd7 24. Qh2 f6 25. gxf6+ exf6 26. Qg3 Qf7 27. Nb5 Rd8 28. Nc7 Nd7 29. O-O-O Kh7 30. Nxa8 Rxa8 31. Rdf1 Re8 32. Rg2 Qg7 33. Kc2 Qh6 34. Qh3 Nf8 35. Rfg1 Qe3 36. Qg3 b5 37. axb5 a4 38. Rc1 a3 39. Qe1 Qxf3 40. Rf2 Qh3 41. Rxf6 Nd7 42. Rf2 axb2 43. Kxb2 Ra8 44. Qc3 Qg4 45. Qf3 Qxh4 46. Rh1 Qg5 47. Rg2 Rf8 48. Qh3 Qf4 49. Qxd7+ Rf7 50. Qg4 1-0

[Event "34th European Club Cup 2018"]
[Site "Halkidiki"]
[Date "2018.10.14"]
[Round "3"]
[White "Van der Elburg, Freddie"]
[Black "Rudolf, Henrik"]
[Result "1/2-1/2"]
[WhiteElo "2191"]
[BlackElo "2306"]
[Annotator "NA"]
[PlyCount "114"]
[EventDate "2018.10.12"]
[EventType "team-tourn"]
[EventCountry "GRE"]
[SourceTitle "playchess.com"]
[Source "ChessBase"]
[SourceQuality "1"]
[WhiteTeam "Apeldoorn"]
[BlackTeam "Berlin"]

1. f4 d5 2. Nf3 Bg4 3. e3 Nf6 4. h3 Bxf3 5. Qxf3 Nc6 6. d4 Nb4 7. Na3 c5 8. c3 Nc6 9. g4 e6 10. Nc2 Ne4 11. g5 c4 12. Bxc4 dxc4 13. Qxe4 Qd5 14. Qxd5 exd5 15. Bd2 Bd6 16. O-O-O O-O 17. Rdf1 f5 18. gxf6 Rxf6 19. Ne1 Raf8 20. Rfg1 Ne7 21. Nf3 Nf5 22. h4 Re6 23. Ne5 Bxe5 24. dxe5 Rg6 25. h5 Rxg1+ 26. Rxg1 Kf7 27. Kd1 Rg8 28. Ke2 g6 29. hxg6+ hxg6 30. b3 Rh8 31. bxc4 Rh2+ 32. Kd1 dxc4 33. e4 Nh4 34. Rf1 Ke6 35. Be1 Rh3 36. Rg1 Kf7 37. Rg4 Rd3+ 38. Ke2 Nf3 39. Bf2 Rxc3 40. e6+ Kxe6 41. Rxg6+ Kf7 42. Rh6 b5 43. Rh7+ Kg6 44. Rxa7 Rd3 45. Ra6+ Kh5 46. e5 Kg4 47. Be3 Nh4 48. Bd2 Nf3 49. Rd6 Nd4+ 50. Ke1 c3 51. Bxc3 Nf3+ 52. Kf2 Rxc3 53. e6 Rc2+ 54. Ke3 Rc1 55. Rb6 Re1+ 56. Kd3 Kxf4 57. Rxb5 Rxe6 1/2-1/2